| 000 | 00761nam a22002537a 4500 | ||
|---|---|---|---|
| 003 | LK-CoMWRAF | ||
| 005 | 20231226104100.0 | ||
| 008 | 231226b2009 |||||||| |||| 00| 0 eng d | ||
| 020 | _a9789551772444 | ||
| 040 |
_aLK-CoMWRAF _dLK-CoMWRAF _eLK-CoMWRAF |
||
| 041 | _aeng | ||
| 082 |
_a303.485 _bATT |
||
| 100 | _aAttanapola, Chamila | ||
| 245 | _aGender and post-tsunami recovery | ||
| 260 |
_aColombo : _bSocial Scientists' Association, _c2009 |
||
| 300 | _a14 p. : ill. ; 23 cm. | ||
| 650 | _aWomen disaster victims -- Rehabilitation -- Sri Lanka | ||
| 650 | _aNatural disasters -- Sri Lanka | ||
| 650 | _a Disaster relief -- Sri Lanka | ||
| 650 | _aIndian Ocean Tsunami | ||
| 700 | _aBrun, Cathrine | ||
| 700 | _aLund, Ragnhild | ||
| 942 | _cBK | ||
| 999 |
_c4567 _d4567 |
||